00675nam a2200217Ia 4500003000900000008004100009040001300050040001300063041000800076100001500084245004500099250000900144260001500153260000900168300001200177490002900189490000700218942000700225999001700232952020800249IT-RoPAU120407s9999 xx 000 0 und d aIT-RoPAU cIT-RoPAU aita aA. Bartoli aGregorio XVI. Miscellanea commemorativa. aRoma aGregoriana c1948 c24,6 cm aMisc. Hist,Pont. XII-XIV v22 cBK c23271d23271 00102ddc406270_800000000000000_2131471aPAULUSbPAULUSd2012-04-11l0o270.8.21314r2012-04-11 00:00:00w2012-04-11yBKzInserito da: Carla In data: 24 ottobre 2011 fondo: Via A.Severo 56 Progr:10183